000 00520nam a2200181Ia 4500
003 GCL
008 140319s9999 xx 000 0 ara d
040 _aGCL /
_cGCL
082 0 4 _a160
_bر م
100 1 _aرويس، جوزايا
245 1 0 _aمبادئ المنطق /
_cرويس، جوزايا
250 _aالاولى
260 _aالقاهرة :
_bالمجلس الاعلى للثقافة ،
_c2002
300 _a102 ص ؛
_c20 سم
650 0 4 _aالتفكير
650 0 4 _aالمنطق
942 _2ddc
_cBK
999 _c5259
_d5259